Neyond jargon : What you need to know about mediation ; A Canadian perspective

Kaydedildi:
Detaylı Bibliyografya
Yazar: Dwyer, Dennis
Materyal Türü: Kitap
Dil:Undetermined
Baskı/Yayın Bilgisi: Canada Shoreline 1995
Konular:
Etiketler: Etiketle
Etiket eklenmemiş, İlk siz ekleyin!
Thư viện lưu trữ: Trung tâm Học liệu Trường Đại học Cần Thơ
LEADER 00602nam a2200193Ia 4500
001 CTU_41339
008 210402s9999 xx 000 0 und d
082 |a 303.69 
082 |b D993 
100 |a Dwyer, Dennis 
245 0 |a Neyond jargon : 
245 0 |b What you need to know about mediation ; A Canadian perspective 
245 0 |c Dennis Dwyer, David Létourneau, Sue Dwyer 
260 |a Canada 
260 |b Shoreline 
260 |c 1995 
650 |a Conflic management,Mediation 
904 |i Nguyễn Quang Điền, Giang sửa 
980 |a Trung tâm Học liệu Trường Đại học Cần Thơ